| 000 | 00723na a2200253 4500 | ||
|---|---|---|---|
| 001 | 18498 | ||
| 003 | MIRAKIL | ||
| 005 | 20181213154854.0 | ||
| 008 | 161121b tu 000 0 | ||
| 040 |
_aMilas _btur _cTR-AnCHP |
||
| 041 | _atur | ||
| 082 |
_a345.026 _bT19c 1992 |
||
| 090 | _a345.026 T19 1992 | ||
| 110 | _aT.C. Yasalar vb. | ||
| 240 | _a[Ceza muhakemeleri usulü] | ||
| 245 |
_aCMUK (3842 sayılı yasa) _cAdalet Bakanlığı |
||
| 260 |
_aAnkara _bAdalet Bakanlığı _c1992 |
||
| 300 |
_a39 s. _c20 sm. |
||
| 650 |
_aYasalar _zTürkiye |
||
| 650 |
_aYasalar _xCeza muhakameleri usulü _y3842 sayılı yasa |
||
| 710 | _aAdalet Bakanlığı | ||
| 740 | _aCeza muhakemeleri usulü | ||
| 942 |
_2ddc _cBKS |
||
| 999 |
_c2342 _d2342 |
||